00600nam a2200193 i 4500001000300000100001600003245009900019260002100118700001500139700001600154040000800170041000800178080000800186942000700194008004100201999001700242856009800259952004900357bg1 aLEWICKI, E.10aSłownik informatyki polsko-niemiecki i niemiecko-polski /cE. Lewicki, J. Ohhman, S. Zając. aWarszawa,c1980.1 aOHHMAN, J.1 aZAJĄC, S. cBPK apol a004 cKS s pl f |000 0 pol  c19901d19901 uhttp://koha.tu.koszalin.pl/cgi-bin/koha/opac-detail.pl?biblionumber=19901yKatalog online BPK 00104070aBPKbBPKcwo28056p01656831yKS